000 00274nam a22000977a 4500
008 240216b |||||||| |||| 00| 0 eng d
082 _aDG EUR HERE EJ.1
100 1 0 _aHergé
_eautor
_943430
245 _aLas aventuras de Tintin:
_bLa estrella misteriosa /
_cHergé
942 _2ddc
999 _c30601
_d16985